[Event "JUG Ch"]
[Site "Borovo"]
[Date "1981.??.??"]
[Round "7"]
[White "Bukic, Enver"]
[Black "Nikolic, Zivoslav"]
[Result "1/2-1/2"]
[WhiteElo "2480"]
[BlackElo "2365"]
[PlyCount "86"]
[EventDate "1981.03.??"]
[Source "www.chesslib.no"]
[SourceDate "2004.05.04"]

1. d4 d5 2. c4 e6 3. Nf3 Nf6 4. Bg5 Be7 5. Nc3 O-O 6. e3 Nbd7 7. Rc1 c6 8. Bd3 dxc4 9. Bxc4 Nd5 10. Bxe7 Qxe7 11. Ne4 N5f6 12. Nxf6+ Qxf6 13. O-O e5 14. e4 exd4 15. Qxd4 Nb6 16. Qxf6 gxf6 17. Bb3 Bg4 18. h3 Bxf3 19. gxf3 Rfe8 20. Rfd1 Rad8 21. Kh2 Kf8 22. Kg3 Ke7 23. Kf4 Rxd1 24. Rxd1 Rg8 25. Ke3 Rg2 26. Rh1 a5 27. f4 a4 28. Bc2 Rg8 29. Bd3 f5 30. e5 Ke6 31. Rc1 Rd8 32. Bc4+ Ke7 33. a3 f6 34. Ba2 Nd5+ 35. Kf3 fxe5 36. fxe5 Ke6 37. Rc4 Kxe5 38. Rxa4 Rd7 39. Rc4 Rd6 40. Rh4 Nf6 41. Ke3 Rd1 42. Rb4 Re1+ 43. Kd2 Ra1 1/2-1/2

[Event "Nordic-chT"]
[Site "Pohja"]
[Date "1985.??.??"]
[Round "?"]
[White "Wiedenkeller, Michael"]
[Black "Eng, Holger"]
[Result "1-0"]
[WhiteElo "2465"]
[BlackElo "2380"]
[PlyCount "51"]
[EventDate "1985.10.??"]
[Source "ChessBase"]

1. d4 Nf6 2. c4 e6 3. Nc3 d5 4. Bg5 Be7 5. Nf3 O-O 6. e3 Nbd7 7. Rc1 c6 8. Bd3 dxc4 9. Bxc4 Nd5 10. Bxe7 Qxe7 11. Ne4 b6 12. O-O Bb7 13. Re1 Rfd8 14. Ng3 c5 15. e4 Nc7 16. d5 Nf6 17. Qb3 exd5 18. exd5 Qf8 19. d6 Rxd6 20. Nf5 Rdd8 21. Re7 Nfd5 22. Ne5 Re8 23. Rxc7 Nxc7 24. Bxf7+ Kh8 25. Ng6+ hxg6 26. Qh3# 1-0

[Event "Capablanca mem Premier II 36th"]
[Site "Havana"]
[Date "2001.05.10"]
[Round "5"]
[White "Almeida, Omar"]
[Black "Otero, Diasmany"]
[Result "1/2-1/2"]
[WhiteElo "2426"]
[BlackElo "2416"]
[PlyCount "115"]
[EventDate "2001.05.05"]
[Source "ChessBase"]
[SourceDate "2001.07.03"]

1. d4 d5 2. c4 e6 3. Nc3 Nf6 4. Bg5 Nbd7 5. e3 Be7 6. Nf3 O-O 7. Rc1 c6 8. Bd3 dxc4 9. Bxc4 Nd5 10. Bxe7 Qxe7 11. O-O Re8 12. Ne4 N5f6 13. Ng3 b6 14. e4 Rd8 15. Qc2 Bb7 16. e5 Ne8 17. Bd3 h6 18. Be4 Rac8 19. Qa4 a6 20. Rc3 b5 21. Qa5 f5 22. exf6 Nexf6 23. Re1 Qd6 24. Rce3 Nf8 25. h3 Nd5 26. Bxd5 cxd5 27. Qd2 Bc6 28. Ne5 Be8 29. Nf1 b4 30. Rg3 Kh8 31. Qf4 Rc7 32. Nd2 Qe7 33. Nb3 Rdc8 34. Nc5 a5 35. Rf3 Nh7 36. Ned3 Rc6 37. Rfe3 Nf8 38. Qg4 h5 39. Qe2 Kg8 40. Nf4 Bf7 41. Nxh5 Qh4 42. g4 Bxh5 43. gxh5 Qxd4 44. Nxe6 Qf6 45. Nxf8 Rxf8 46. Kg2 Rc4 47. Rg3 Rf4 48. f3 Rf5 49. Qe6+ Qxe6 50. Rxe6 Rxh5 51. Ra6 d4 52. Rg4 Rd5 53. Ra7 Rf7 54. Ra8+ Kh7 55. Rh4+ Kg6 56. Rg4+ Kh7 57. Rh4+ Kg6 58. Rg4+ 1/2-1/2

[Event "Rubinstein mem"]
[Site "Polanica Zdroj"]
[Date "1974.??.??"]
[Round "12"]
[White "Garcia Martinez, Silvino"]
[Black "Barczay, Laszlo"]
[Result "1/2-1/2"]
[WhiteElo "2400"]
[BlackElo "2440"]
[PlyCount "32"]
[EventDate "1974.08.??"]
[Source "ChessBase"]

1. c4 Nf6 2. Nc3 e6 3. Nf3 d5 4. d4 Be7 5. Bg5 Nbd7 6. e3 c6 7. Rc1 O-O 8. Bd3 dxc4 9. Bxc4 Nd5 10. Bxe7 Qxe7 11. Ne4 N5f6 12. Ng3 e5 13. Bb3 e4 14. Nf5 Qd8 15. Nd2 Nb6 16. Ng3 Qe7 1/2-1/2

[Event "Vrnjacka Banja"]
[Site "Vrnjacka Banja YUG"]
[Date "1986.??.??"]
[Round "?"]
[White "Danner, Georg"]
[Black "Simic, Radoslav"]
[Result "1-0"]
[WhiteElo "2385"]
[BlackElo "2455"]
[PlyCount "51"]
[EventDate "1986.??.??"]
[Source "www.chesslib.no"]
[SourceDate "2004.05.04"]

1. d4 Nf6 2. c4 e6 3. Nc3 d5 4. Nf3 Be7 5. Bg5 Nbd7 6. e3 O-O 7. Rc1 c6 8. Bd3 dxc4 9. Bxc4 Nd5 10. h4 h6 11. Bxe7 Qxe7 12. g4 N5b6 13. Bb3 c5 14. g5 cxd4 15. Qxd4 e5 16. Nd5 Nxd5 17. Qxd5 Qb4+ 18. Ke2 Nb6 19. Qxe5 Bd7 20. gxh6 Qb5+ 21. Ke1 Qxe5 22. Nxe5 Kh7 23. hxg7 Kxg7 24. Rc7 Rac8 25. Rg1+ Kh7 26. Nxd7 1-0

[Event "Chigorin mem"]
[Site "St Petersburg"]
[Date "1998.11.01"]
[Round "2"]
[White "Lugovoi, Aleksei"]
[Black "Chehlov, Aleksander"]
[Result "1-0"]
[WhiteElo "2525"]
[BlackElo "2315"]
[PlyCount "119"]
[EventDate "1998.10.31"]
[Source "ChessBase"]
[SourceDate "1999.01.01"]

1. d4 d5 2. c4 e6 3. Nf3 Nf6 4. Nc3 Nbd7 5. Bg5 Be7 6. e3 O-O 7. Rc1 c6 8. Bd3 dxc4 9. Bxc4 Nd5 10. Bxe7 Qxe7 11. Ne4 N5f6 12. Ng3 Qb4+ 13. Qd2 Qxd2+ 14. Kxd2 Rd8 15. Rhd1 b6 16. e4 Bb7 17. Ke3 Kf8 18. e5 Ne8 19. Ne4 Ke7 20. h4 h6 21. g4 g6 22. Bb3 Rac8 23. Nc3 Nc7 24. Ne4 Ne8 25. Rd2 Nb8 26. Nc3 Na6 27. Rcd1 Nac7 28. Ne1 Ba6 29. a4 Ng7 30. Ne4 Nge8 31. f4 Nd5+ 32. Bxd5 cxd5 33. Ng3 Rc4 34. Ra1 Rb4 35. Ra3 Bc4 36. Rc2 a5 37. Nd3 Rb3 38. Rc3 Rxa3 39. Rxa3 Kd7 40. Ne1 Rb8 41. Kd2 Nc7 42. Rf3 Ke7 43. Nc2 Ne8 44. h5 Ba6 45. hxg6 fxg6 46. f5 gxf5 47. gxf5 b5 48. axb5 Rxb5 49. f6+ Kf7 50. b3 Rb8 51. Nh5 Nc7 52. Nf4 Rh8 53. Rg3 Ne8 54. Ne3 h5 55. Rh3 h4 56. Nfg2 Bb5 57. Rxh4 Rxh4 58. Nxh4 a4 59. bxa4 Bxa4 60. Ng4 1-0